Представление документа в формате MARC21

ПолеНазваниеЗначение
  Тип записи a
  Библиографический уровень m
001 Контрольный номер RU/URAIT/590240
005 Дата корректировки 20260429163654.8
008 Кодируемые данные 260429s2026 RU y f j 000 0 rus u
020 Индекс ISBN __
a ISBN 978-5-534-21455-0
c Цена, тираж 1149.00
040 Источник каталогиз. __
a Служба первич. каталог. ИКО Юрайт
c Служба, преобразующая запись ИКО Юрайт
e Правила каталог. RCR
041 Код языка издания __
a Код языка текста rus
044 Код страны публикации __
a Код страны публикации RU
080 Индекс УДК __
a Индекс УДК 581.1(075.8)
084 Индекс другой классификации/Индекс ББК __
2 Источник индекса rubbk
a Индекс другой классификации/Индекс ББК 28.57я73
100 Автор __
a Автор Жуйкова Т. В.
q Полное имя Жуйкова Татьяна Валерьевна
245 Заглавие __
a Заглавие Физиология растений. Практический курс
b Продолж. заглавия учебник и практикум для вузов
c Ответственность Т. В. Жуйкова.
256 Характеристики компьютерного файла __
a Характеристики компьютерного файла Электрон. дан.
260 Выходные данные __
a Место издания Москва
b Издательство Юрайт
c Дата издания 2026
300 Физическое описание __
a Объем 197 с
440 Серия __
a Серия Высшее образование
500 Примечания __
a Примечание URL: https://urait.ru/bcode/590240 (дата обращения: 29.04.2026).
520 Аннотация __
a Аннотация Курс предназначен для организации образовательного процесса студентов по дисциплине «Физиология растений». Содержит теоретический материал и практические занятия по основным темам данного курса, позволяющие получить представление о физиологических процессах, происходящих в растительном организме и методах их исследования. Соответствует актуальным требованиям федеральных государственных образовательных стандартов высшего и профессионального образования по УГСН 44.00.00 Образование и педагогические науки. Курс адресован студентам очной и заочной формы, обучающимся по направлениям подготовки 44.03.01 Педагогическое образование, направленность (профиль) «Биология», «Экология», «Химия», «Естествознание», 44.03.05 Педагогическое образование (с двумя профилями подготовки), профили «Биология и Химия», «Биология и География», «Биология и Экология» и т.п. биологических факультетов педагогических вузов.
538 Прим. о системных особенностях __
a Прим. о системных особенностях Режим доступа: Электронно-библиотечная система Юрайт, для авториз. пользователей
653 Ключевые слова __
a Ключевые слова Биология и биотехнологии
653 Ключевые слова __
a Ключевые слова Естественные науки
653 Ключевые слова __
a Ключевые слова Физиология растений
653 Ключевые слова __
a Ключевые слова Ботаника. Физиология растений
856 Электронный адрес документа 40
n Местонахождение сервера Юрайт
g Электронная книга
q Тип электронного формата html
h Имя пользователя ЮРАЙТ
v Часы доступа к ресурсу 20271231
2 Способ доступа Показать документ
x Служебное примечание https://urait.ru/book/cover/B85FAC61-4B2C-460B-A339-AD96817D7506
u URL https://urait.ru/bcode/590240
856 Электронный адрес документа 48
q Тип электронного формата cover
u URL https://urait.ru/book/cover/B85FAC61-4B2C-460B-A339-AD96817D7506
911 __
u 0030=https://urait.ru/bcode/590240
911 __
u 073a=9785534214550
u 073d=1149.00
911 __
u 106a=s
911 __
u 900l=
952 Тип литературы __
i Дисциплина Физиология растений
952 Тип литературы __
i Дисциплина Ботаника. Физиология растений